Normal view
MARC view
Entry Personal Name
001 - CONTROL NUMBER
- control field: 584760
003 - CONTROL NUMBER IDENTIFIER
- control field: OSt
005 - DATE AND TIME OF LATEST TRANSACTION
- control field: 20221005032059.0
008 - FIXED-LENGTH DATA ELEMENTS
- fixed length control field: 221005|| aca||aabn | a|a d
040 ## - CATALOGING SOURCE
- Original cataloging agency: OSt
- Transcribing agency: OSt
100 ## - HEADING--PERSONAL NAME
- Personal name: Pillai Pe.Sundaram Au
670 ## - SOURCE DATA FOUND
- Source citation: Work cat.: (OSt)939052: Pillai Pe.Sundaram Au., Manon Maniyam, 1970
